| 000 | 00785nam a22002657a 4500 | ||
|---|---|---|---|
| 001 | 8786 | ||
| 003 | FISKH | ||
| 005 | 20251020155318.0 | ||
| 008 | 251020b cb ||||| |||| 00| 0 eng d | ||
| 040 |
_aFISKH _beng _cFISKH _dFISKH |
||
| 050 | _aS711.R57 | ||
| 082 | _a629.225 | ||
| 100 | _aRogers, Hal | ||
| 245 |
_aTractors / _cby Hal Rogers |
||
| 250 | _aFirst Schoalstic printing, February 2004 | ||
| 260 |
_aNew York : _bScholastic, _c1999 |
||
| 300 |
_a24 pages : _bcolor illustrations ; _c27cm |
||
| 505 | _aG | ||
| 520 | _aSimple text describes the parts of a tractor, how they work, and what they do. | ||
| 521 | 8 |
_a400
_bLexile estimate |
|
| 521 | 8 |
_aG
_bRaz-Plus |
|
| 650 |
_aTransportation _vPicture book _xToddler |
||
| 942 |
_2ddc _cBK _n0 |
||
| 999 |
_c8786 _d8786 |
||